00519nam a2200085Ia 4500008004100000245003900041300027100080650001100351856007100362170517s9999 xx 000 0 und d aIndependent Media in a Time of War aPart scathing critique, part call to action, Independent Media In A Time Of War is a hard-hitting new documentary by the Hudson Mohawk Independent Media Center. This film is composed of a speech given by Amy Goodman, host of Democracy Now! illustrated by clips of... xMedia. uhttp://topdocumentaryfilms.com/independent-media-in-a-time-of-war/